Statistics for Země nejblíže Bosně a Hercegovině

Click here to take the quiz!

General Stats

  • This quiz has been taken 116 times
  • The average score is 17 of 20

Answer Stats

kmzemě% Correct
0Chorvatsko
98%
282Slovensko
94%
68Maďarsko
93%
221Bulharsko
91%
372Česko
91%
282Řecko
91%
0Černá Hora
90%
153Itálie
90%
96Kosovo
90%
45Slovinsko
90%
0Srbsko
90%
162Rakousko
89%
129Rumunsko
89%
94Albánie
81%
436Ukrajina
81%
438Švýcarsko
74%
331Německo
72%
196Severní Makedonie
58%
271San Marino
57%
400Vatikán
56%

Score Distribution

Percentile by Number Answered

Percent of People with Each Score

Your Score History

You have not taken this quiz